000 01116cam a2200325 a 4500
001 1822
003 FISKH
005 20231004093138.0
008 910314s1991 ilua j 001 0 eng
010 _a 91003142
020 _a0516049178
040 _aDLC
_cDLC
_dDLC
_beng
042 _alcac
050 0 0 _aQB588
_b.F68 1991
082 0 0 _a523.3
_220
100 1 _aFowler, Allan.
245 1 0 _aSo that's how the moon changes shape! /
_cby Allan Fowler.
260 _aChicago :
_bChildrens Press,
_c1991.
300 _a31 pages :
_bcolor illustrations ;
_c19 cm.
440 0 _aRookie read-about science
505 _aM
520 _aA simple explanation of the moon and why it changes shape throughout the month.
521 8 _a550
_bLexile AD
521 8 _aM
_bRaz-Plus
651 0 _aMoon
_xPhases
_xJuvenile literature.
651 1 _aMoon.
906 _a7
_bcbc
_corignew
_d1
_eocip
_f19
_gy-gencatlg
942 _2ddc
_cBK
_n0
999 _c1822
_d1822